000 00549nam a22001817a 4500
005 20130624154120.0
010 _aENG-107723
020 _a9789382601098
_c225.00
035 _aEN-91256
037 _bDBAD/PUB
100 _aLarocque, Paula
245 _aOn words :
_cby Paula Larocque
_binsight into how our words work - and don't /
260 _aUttar Pradesh
_beVookz
_c2010
270 _a10,Parshawanath Edens, Sector, Alpha-II, Greater Noida
_bUttar Pradesh
300 _a192p.
_c18cm(pbk)
500 _aIncludes index
942 _2ddc
_cEN
_mLAR
999 _c76898
_d76898